Statistics for 九州自動車道 インターチェンジ看板に表記される地名

Click here to take the quiz!

General Stats

  • This quiz has been taken 36 times
    (35 since last reset)
  • The average score is 15 of 28

Answer Stats

番号インター名地名接続道路% Correct
15熊本阿蘇国道57号
81%
天草
77%
1門司(下り)小倉市街
77%
13菊水玉名国道208号
77%
12南関大牟田
77%
菊池
69%
7福岡飯塚都市高速 国道201号
65%
1門司(上り)門司港市街都市高速 国道3号
65%
4八幡直方都市高速 国道200号
65%
4-1鞍手直方
65%
14植木山鹿国道3号
62%
6古賀福津国道3号
54%
23横川霧島国道223号 268号
54%
14-1北熊本合志
54%
11八女大川国道3号 209号
54%
5若宮宮若
50%
黒崎
50%
筑後
46%
3小倉南田川国道322号
46%
20えびの湧水国道268号 221号
46%
22栗野湧水国道268号
46%
16御船山都国道3号 445号
35%
29鹿児島薩摩川内南九州道
27%
17松橋高千穂国道3号 218号
27%
19人吉山江国道445号
27%
日置
27%
26姶良蒲生
19%
27薩摩吉田吉野
15%

Score Distribution

Percentile by Number Answered

Percent of People with Each Score

Your Score History

You have not taken this quiz since the last reset